Installation commissioning & maintenance of electrical equipments
| Main Author: | |
|---|---|
| Format: | Book |
| Published: |
New Delhi :
S. K. Kataria & Sons ,
2014
|
| Subjects: |
MARC
| LEADER | 00000cam a2200000 7i4500 | ||
|---|---|---|---|
| 001 | 0000044130 | ||
| 005 | 20141216.0 | ||
| 008 | 141216 | ||
| 020 | |a 8185749833 | ||
| 090 | 0 | 0 | |a 621.30284 |b TAR |
| 100 | 1 | |a Tarlok Singh | |
| 245 | 1 | 0 | |a Installation commissioning & maintenance of electrical equipments |c Tarlok Singh |
| 260 | |a New Delhi : |b S. K. Kataria & Sons , |c 2014 | ||
| 650 | 0 | |a Electric engineering |x Equipment and supplies | |
| 650 | 0 | |a Electric engineering |x Materials | |
| 999 | |a 0001324176 |b Book |c Adult Collection |e Perbadanan Perpustakaan Awam Johor | ||